01421nam a2200337 a 4500001001000000003000500010005001700015008004100032010001100073011001100084040000900095090001000104100004400114245015400158260004100312500006000353502007400413590004100487590004000528590004000568650004900608650003600657650003500693856007000728901000700798942001000805942000600815999001900821952011900840952012400959000109527CHAP20220329144054.0140508s2013 mx sm |||||||spa d a105989 a106961 cCHAP aTesis1 aGuerrero Pando, Sandra Patricia912677010aEvaluación de 36 colectas de higuerilla (Ricinus communis L.) en Zimatlán de Álvarez, Oaxacah[En línea]cpor Sandra Patricia Guerrero Pando. aChapingo, Méx. :bEl autor,c2013. aPara ver el contenido del material haga clic en la liga aTesis (Ing. Agr. Esp. en Fitotecnia) -- UACH. Departamento Fitotecnia aBATCH-UPDb05c20141002lUCH01h0902 aE5765TAJb05c20140508lUCH01h0915 aE5765TAJb05c20140508lUCH01h092014aHiguerillaxMejoramiento genético.912529814aHiguerillaxRendimiento.95536914aHiguerillaxVariedades.955370 aFinding aiduhttp://10.13.5.2/tesis/sist109527.pdfzTeclea aquí aBK cTESIS n0 c105989d105989 00102local40718TESISaBCbBCd2014-05-08fTESISl0oTesisp33724002402743r2019-12-31 00:00:00w2014-05-08yCD 00102local40718TESISaBCbBCd2014-05-08fTESISl0oTesisp33724002402785r2019-12-31 00:00:00tc.2w2014-05-08yCD